000 00508nam a22002177a 4500
003 UA-OsUOA
001 52047
007 ta
008 20080129b un ||||| |||| 00| 0 ukr d
100 _aМуазі Домінік
090 _a32
_bМ-90
942 _cSA
040 _aUA-OsUOA
_bukr
_cUA-OsUOA
_dUA-OsUOA
245 _aГеополітичні ризики 2008 року.
300 _aС.7
955 _a0
041 _aukr
080 _a32
773 0 _w52043
650 7 _a32 Політика
_2UDC
999 _c338142
_d338142